1781 1505 1854 1212 1886 1044 1160 1275 1308 1855 1773 1805 1473 1638 1903 1536 1649 1716 1531 1022 1966 1196 1713 1014 1990 1344 1909 1597 1302 1273 1193 1889 1851 1345 1533 1798 1434 1624 1467 1166 1507 1218 1660 1797 1050 1166 1879 1085 1660 1110 1798 1692 1903 1378 1955 1826 1055 1877 1860 1678 1744 1153 1900 1352 1669 1753 1371 1698 1760 1644 1621 1175 1513 1391 1727 1281 1913 1093 1673 1372 1910 1809 1569 1555 1583 1043 1668 1880 1271 1553 1339 1468 1269 1064 1007 1284 1561 1197 1601 BCNSPRNW ULIB Ver.6.0+V

เปลี่ยนเป็นภาษาไทย

Change to English
 แสดงรายละเอียดบรรณานุกรม
  กลับหน้าหลัก

Brief Record : Get Marc (ISO 2709) : E-mail record : QR code < ปิดหน้าต่าง
LEADER : 00000nam 2200000uu 4500
001    13399112985
003     ULIB
008    110921s2553||||th 000 0 tha d
020    9789746521345
060 04 WE168^bย126ค 2553
100 0  ยงยุทธ ศิริปการ
245 10 ความรู้พื้นฐานทางคลินิก การรักษาผู้ป่วยทางออร์โธปิดิกค์ =^bBasic knowledge of clinical practice in orthopedic /^cยงยุทธ ศิริปการ
246 31 Basic knowledge of clinical practice in orthopedic
250    พิมพ์ครั้งที่ 1
260    [กรุงเทพฯ] :^bคณะแพทยศาสตร์ มหาวิทยาลัยธรรมศาสตร์,^c2553
300    viii, 318 หน้า :^bภาพประกอบ ;^c26 cm
504    มีบรรณานุกรมและดัชนี
650  4 กระดูก^xศัลยกรรม
710 2  มหาวิทยาลัยธรรมศาสตร์. ^bคณะแพทยศาสตร์
945    ^p450^l0^i027226
945    ^p450^l0^i027227
945    ^p450^l0^i027228
945    ^p450^l0^i027229
995    ทศพร
999 ^a ทศพร
รายการนี้ยังไม่มีแท็ก
คุณยังไม่ได้ล็อกอิน คุณสามารถมีกิจกรรมร่วมกับเว็บไซต์ได้ แต่ต้องล็อกอินก่อน ::
  ล็อกอิน

รายการสื่อสารสนเทศ

ลำดับที่ ประเภท เลขเรียก/บาร์โค้ด สถานที่ สถานะ
1. วิทยาศาสตร์การแพทย์ และสุขภาพ
หนังสือสำรอง
สถานะ=หนังสือสำรอง
WE168 ย126ค 2553 ฉ.1 
  Barcode: 027226
ห้องสมุดวิทยาเขตสวรรค์ประชารักษ์
►ส่วนจัดเก็บหนังสือเก่า สปร
บนชั้น
  ขอยืม
2. วิทยาศาสตร์การแพทย์ และสุขภาพ
วิทยาศาสตร์การแพทย์ และสุขภาพ
WE168 ย126ค 2553 ฉ.2 
  Barcode: 027227
ห้องสมุดวิทยาเขตสวรรค์ประชารักษ์
►ส่วนจัดเก็บหนังสือเก่า สปร
บนชั้น
  ขอยืม
3. วิทยาศาสตร์การแพทย์ และสุขภาพ
วิทยาศาสตร์การแพทย์ และสุขภาพ
WE168 ย126ค 2553 ฉ.3 
  Barcode: 027228
ห้องสมุดวิทยาเขตสวรรค์ประชารักษ์
►ส่วนจัดเก็บหนังสือเก่า สปร
บนชั้น
  ขอยืม
4. วิทยาศาสตร์การแพทย์ และสุขภาพ
วิทยาศาสตร์การแพทย์ และสุขภาพ
WE168 ย126ค 2553 ฉ.4 
  Barcode: 027229
ห้องสมุดวิทยาเขตสวรรค์ประชารักษ์
►ส่วนจัดเก็บหนังสือเก่า สปร
บนชั้น
  ขอยืม

รายการใกล้เคียง
    ผู้แต่ง [ยงยุทธ ศิริปการ]

BibComment


ยังไม่เคยถูกคอมเมนท์

คอมเมนท์ทรัพยากรรายการนี้
  คอมเมนท์: ความรู้พื้นฐานทาง..


 Copyright 2026. Bcnsprnw @Library